Rediseño del proceso administrativo en la Clínica Nexus Medical de la Zona Ciudad Satélite de la ciudad de El Alto Gestión 2025. (Registro nro. 9677)

000 -CABECERA (24)
Campo de control interno 02840nam a22002654a 4500
003 - IDENTIFICADOR DE CONTROL
Campo control BOLpUSFA
005 - FECHA Y HORA DE CATALOGACION
Campo de control 20260407143137.0
008 - ELEMENTOS DE LONGITUD FIJA - INFORMACIÓN GENERAL
Campo de control de longitud fija t bo grm 001 | spa||
040 ## - Origen de la Catalogacion
Origen de la Catalogacion BOLpUSFA
041 ## - Código de idioma (R)
Código de lengua del texto/banda sonora o título independiente (R) spa
044 ## - Código de país de la publicación
Codigo de pais MARC BO
082 ## - Número de la Clasificación Decimal Dewey
Número de la Clasificación Decimal Dewey ICO0041
Codigo Cutter F363rPG
100 ## - Autor Personal
Autor Personal Fernández Carrillo, Dayana Génesis
245 ## - Titulo
Titulo Rediseño del proceso administrativo en la Clínica Nexus Medical de la Zona Ciudad Satélite de la ciudad de El Alto Gestión 2025.
260 ## - Editorial
Ciudad El Alto:
Nombre de la Editorial Universidad Privada San Francisco de Asís. Carrera de Ingeniería Comercial,
Fecha 2025
300 ## - Descripcion
Extension 147 p.
502 ## - Nota de Tesis
Nota de Tesis Modalidad: Proyecto de Grado - <br/>Tutor: Ing. Carlos Eduardo Villarroel Prieto
520 ## - Resumen
Resumen El presente proyecto aborda el rediseño del proceso administrativo para la <br/>Clínica Nexus Medical, ante las deficiencias actuales en su organización interna. <br/>Actualmente, dicho proceso se lleva acabo de forma empírica a pesar que existen <br/>pocos documentos respalde su existencia, provocando problemas de eficiencia <br/>operativa, conflictos internos, desmotivación del personal y una disminución de <br/>satisfacción y fidelización de los pacientes, afectando la rentabilidad de la clínica. <br/><br/>La investigación se guía con la pregunta: ¿Cuál será el beneficio de rediseñar <br/>un proceso administrativo en la clínica Nexus Medical de la zona Ciudad Satélite de <br/>la Ciudad de El Alto gestión 2025? El objetivo general es rediseñar un proceso <br/>administrativo que optimice las funciones esenciales de la clínica. Los objetivos <br/>específicos es diagnosticar la situación actual de la clínica, identificar los puntos de <br/>quiebre que afectan a la clínica, proponer un rediseño organizacional y elaborar un <br/>plan de acción para la implementación del rediseño. <br/><br/>El estudio adoptará un enfoque mixto, bajo una investigación no experimental <br/>con diseño transeccional o transversal, recolectando datos en un único momento. <br/>Es de tipo descriptivo, guiado por el método científico y deductivo. La información <br/>se obtendrá mediante entrevistas al personal médico y revisión bibliográfica de <br/>libros, revistas y documentos administrativos. <br/><br/>En los capítulos siguientes se desenvolverá la parte teórica para ver bajo que <br/>conceptos se desarrollará la propuesta con el fin de sustentar la investigación y <br/>orientarlo para dar peso a la pregunta de investigación, este marco se enfocará en <br/>que es la administración y sus principales pilares que son la planeación, <br/>organización, dirección y control. <br/>
650 ## - Temas - Descriptores
Temas - Descriptores Ingeniería Comercial
650 ## - Temas - Descriptores
Temas - Descriptores Proyecto de Grado
650 ## - Temas - Descriptores
Temas - Descriptores Proceso administrativo
650 ## - Temas - Descriptores
Temas - Descriptores Clínicas
650 ## - Temas - Descriptores
Temas - Descriptores Investigación no experimental
942 ## - ELEMENTOS DE KOHA
Esquema de Clasificaci
Tipo de Documento Tesis
Catalogador LLO
Existencias
Retirado (estado) Perdido (estado) Fuente de Clasificacion Deterioro (estado) Prestamo Coleccion Ubicacion permanente Ubicacion actual Fondo Fecha de adquisicion Origen de adquisicion Prestamos Signatura Topografica Codigo de barras Ultima fecha de verificacion Price effective from Tipo de Item
No Dañado Disponible   No Dañado Disponible Tesis Biblioteca USFA El Alto Biblioteca USFA El Alto Colección Tesis 03/25/2026 Depósito   ICO0041 F363rPG BEA01524 03/25/2026 03/25/2026 Tesis

Universidad Privada San Francisco de Asis (USFA)
Sopocachi, av. 20 de octubre esq. Belisario Salinas No.397 (Plaza Abaroa)
Telf.fax (+591-2) 2443773
info@usfa.edu.bo